• 首页
  • 本馆介绍
  • 公告通知
  • 最新文献
  • 馆藏检索
  • 电子资源
  • 读者导购
  • 参考咨询
  • 我的图书馆
  • 登录
  • 详细信息显示
  • 放入我的书架
  • 预约/预借图书
  • 作者相关作品
  • 分类相关作品
  • 丛书相关作品
  • 出版社相关作品

书目信息

  • 表格格式
  • 工作单格式
  • 卡片格式
题名:
德语小史
    
 
作者: 梁锡江 著
分册:  
出版信息: 上海   上海外语教育出版社  2021.09
页数: 154页
开本: 21cm
丛书名: 外教社世界语言小史丛书
单 册:
中图分类: H330.9
科图分类:
主题词: 德语--de yu--语言史
电子资源:
ISBN: 978-7-5446-6542-1
000 01002nam 2200265 450
001 CAL 0120227353913
005 20230308143222.0
010    @a978-7-5446-6542-1@dCNY45.00
100    @a20220125d2021 em y0chiy0120 ea
101 0  @achi
102    @aCN@b310000
105    @aa a 000yy
106    @ar
200 1  @a德语小史@Ade yu xiao shi@f梁锡江著
210    @a上海@c上海外语教育出版社@d2021.09
215    @a154页@c图@d21cm
225 2  @a外教社世界语言小史丛书@Awai jiao she shi jie yu yan xiao shi cong shu
320    @a有书目 (第153-154页)
330    @a本书展示德语的发展历程, 通过梳理各个时期影响德语变化的内外部因素, 揭示德语背后的秘密, 引发对德语变化的思考与讨论。内容包括: 人和语言 ; 日耳曼人 ; 法兰克王国 ; 古高地德语 ; 文字化 ; 传教士 ; 诗歌与文学 ; 骑士与神秘主义等。
410  0 @12001 @a外教社世界语言小史丛书
606 0  @a德语@Ade yu@x语言史
690    @aH330.9@v5
701  0 @a梁锡江@Aliang xi jiang@4著
801  0 @aCN@bBJXHXP@c20230308
905    @b1408569-72@dH330.9@e306@f4
    
    德语小史/梁锡江著.-上海:上海外语教育出版社,2021.09
    154页:图;21cm.-(外教社世界语言小史丛书)
    
    
    ISBN 978-7-5446-6542-1:CNY45.00
    本书展示德语的发展历程, 通过梳理各个时期影响德语变化的内外部因素, 揭示德语背后的秘密, 引发对德语变化的思考与讨论。内容包括: 人和语言 ; 日耳曼人 ; 法兰克王国 ; 古高地德语 ; 文字化 ; 传教士 ; 诗歌与文学 ; 骑士与神秘主义等。
●
相关链接 在E读中查询图书 在五车中查询图书 在当当中查询图书 在豆瓣中查询图书


正题名:德语小史     索取号:H330.9/306         预约/预借

序号 登录号 条形码 馆藏地/架位号 状态 备注
1 1408569   214085693   第二样本阅览室/ [索取号:H330.9/306] 在馆    
2 1408570   214085700   第四借阅区/ [索取号:H330.9/306] 在馆    
3 1408571   214085719   第四借阅区/ [索取号:H330.9/306] 在馆    
4 1408572   214085728   第四借阅区/ [索取号:H330.9/306] 在馆    
唐山师范学院图书馆 欢迎您!
大连网信软件有限公司© 版权所有